000 00475nam a2200157Ia 4500
008 160316s1974 xxu||||| |||| 00| 0 eng d
082 _a294.592600
_bKAN-V
100 _aKane Panduranga Vaman
245 _aHistory of dharmasastra (Ancient and medieval religious and civil law). Vol.V Part.I
250 _a2nd
260 _aPoona
_bBhandarkar Oriental Research Inst
_c1974
300 _a718p
_b
_c
365 _bRs.1800 Set
650 _a1.Dharmasastra - History
700 _a
_a
999 _c538
_d538